[Event "Wch-U20"]
[Site "Cala Gonone ITA"]
[Date "2022.10.19"]
[Round "8.37"]
[White "Atanasov, Anthony"]
[Black "Lux, Hugo De Melo"]
[Result "1-0"]
[WhiteElo "2148"]
[BlackElo "2309"]
[PlyCount "71"]
[EventDate "2022.10.12"]
[EventType "swiss"]
[EventRounds "11"]
[EventCountry "ITA"]
[Source "ChessMix "]
[SourceDate "2022.11.01"]

1. d4 Nf6 2. Nf3 e6 3. Bf4 Be7 4. h3 c5 5. e3 Nc6 6. Nbd2 d5 7. c3 Bd6 8. Ne5
cxd4 9. exd4 Qc7 10. Bb5 Nd7 11. Qh5 Bxe5 12. dxe5 a6 13. Bxc6 bxc6 14. Nf3 a5
15. Ng5 Nf8 16. Be3 h6 17. O-O Ng6 18. Nf3 Ba6 19. Rfe1 c5 20. Rac1 Bd3 21. b4
axb4 22. cxb4 c4 23. Bc5 Nf4 24. Qg4 g5 25. Nd4 Be4 26. Nb5 Qxe5 27. Nd6+ Kd7
28. Nxe4 f5 29. Qd1 fxe4 30. Bd4 Qf5 31. Bxh8 Nd3 32. Bd4 e5 33. Be3 Rxa2 34.
Rf1 Nxc1 35. Qxd5+ Ke8 36. Rxc1 1-0

[Event "Wch-U20"]
[Site "Cala Gonone ITA"]
[Date "2022.10.20"]
[Round "9.26"]
[White "Sokolovsky, Yahli"]
[Black "Atanasov, Anthony"]
[Result "1-0"]
[WhiteElo "2416"]
[BlackElo "2148"]
[PlyCount "185"]
[EventDate "2022.10.12"]
[EventType "swiss"]
[EventRounds "11"]
[EventCountry "ITA"]
[Source "ChessMix "]
[SourceDate "2022.11.01"]

1. e4 e5 2. Nf3 Nf6 3. Nxe5 d6 4. Nf3 Nxe4 5. Nc3 Nxc3 6. dxc3 Nd7 7. Bf4 Be7
8. Qd2 O-O 9. O-O-O Re8 10. h4 Nc5 11. Ng5 Bf5 12. f3 Qd7 13. g4 Bxg5 14. Bxg5
Be6 15. Kb1 Qa4 16. b3 Qc6 17. Bg2 Na4 18. c4 Bxc4 19. Qd4 Re2 20. Rd2 Rae8 21.
bxc4 h6 22. Bf4 Rxd2 23. Bxd2 Re2 24. Bf1 Qxf3 25. Bxe2 Qxh1+ 26. Bc1 Qe1 27.
Bf3 Nc3+ 28. Kb2 Na4+ 29. Kb1 Nc3+ 30. Kb2 Na4+ 31. Ka3 Nb6 32. Bb2 Qa5+ 33.
Kb3 Qa4+ 34. Kc3 c5 35. Qe4 Qb4+ 36. Kd3 Qxb2 37. Qe8+ Kh7 38. Be4+ g6 39.
Qxf7+ Qg7 40. Bxg6+ Kh8 41. Qe8+ Qg8 42. Qxg8+ Kxg8 43. Be4 Kf7 44. Bxb7 Kf6
45. Ke4 a5 46. Bd5 Na4 47. a3 Nc3+ 48. Kd3 Nd1 49. Ke4 Nc3+ 50. Kf4 Ne2+ 51.
Ke3 Nc3 52. Be4 Ke5 53. Bc6 Nd1+ 54. Ke2 Nc3+ 55. Kd2 Nb1+ 56. Kd3 Kf4 57. g5
hxg5 58. hxg5 Kxg5 59. a4 Kf4 60. c3 Na3 61. Bd5 Ke5 62. Kd2 Kf4 63. Kc1 Ke3
64. Kb2 Kd3 65. Kxa3 Kxc3 66. Be6 Kc2 67. Bd7 Kc3 68. Bb5 Kc2 69. Ka2 Kc3 70.
Kb1 Kb3 71. Kc1 Kc3 72. Kd1 Kd3 73. Ke1 Ke3 74. Kd1 Kd3 75. Ba6 Ke3 76. Kc2 Ke2
77. Kc3 Ke3 78. Bb7 Ke2 79. Be4 Ke3 80. Bd3 Kf4 81. Kd2 Kf3 82. Bh7 Kf4 83. Kd3
Kf3 84. Be4+ Kf4 85. Bc6 Ke5 86. Ke3 Kf5 87. Bd5 Ke5 88. Be4 Kf6 89. Kf4 Ke6
90. Bc6 Kf6 91. Ke4 Ke6 92. Bb5 Kf6 93. Kd5 1-0

[Event "Wch-U20"]
[Site "Cala Gonone ITA"]
[Date "2022.10.21"]
[Round "10.35"]
[White "Atanasov, Anthony"]
[Black "Di Benedetto, Edoardo"]
[Result "1/2-1/2"]
[WhiteElo "2148"]
[BlackElo "2396"]
[PlyCount "62"]
[EventDate "2022.10.12"]
[EventType "swiss"]
[EventRounds "11"]
[EventCountry "ITA"]
[Source "ChessMix "]
[SourceDate "2022.11.01"]

1. d4 d5 2. Nf3 Nf6 3. a3 c6 4. Bf4 Bf5 5. e3 e6 6. Nbd2 Bd6 7. Ne5 O-O 8. Be2
Bxe5 9. Bxe5 Ne4 10. h4 f6 11. Bh2 Nxd2 12. Qxd2 Nd7 13. c4 Rc8 14. Bd6 Re8 15.
Qb4 Qb6 16. c5 Qxb4+ 17. axb4 a6 18. g4 Bg6 19. h5 Bf7 20. Kd2 e5 21. f4 exd4
22. exd4 Nf8 23. Bxf8 Kxf8 24. Bd3 h6 25. Rae1 Rxe1 26. Rxe1 Be8 27. Bf5 Rd8
28. Be6 Bd7 29. Bxd7 Rxd7 30. f5 Re7 31. Rxe7 Kxe7 1/2-1/2

[Event "Wch-U20"]
[Site "Cala Gonone ITA"]
[Date "2022.10.22"]
[Round "11.34"]
[White "Jakab, Bela"]
[Black "Atanasov, Anthony"]
[Result "1/2-1/2"]
[WhiteElo "2353"]
[BlackElo "2148"]
[PlyCount "199"]
[EventDate "2022.10.12"]
[EventType "swiss"]
[EventRounds "11"]
[EventCountry "ITA"]
[Source "ChessMix "]
[SourceDate "2022.11.01"]

1. e4 e5 2. Bc4 Nf6 3. d3 c6 4. Nf3 d5 5. Bb3 a5 6. a4 Bb4+ 7. c3 Bd6 8. O-O
Be6 9. Bg5 Nbd7 10. Nbd2 h6 11. Bh4 Qc7 12. Re1 O-O 13. Qe2 Nh5 14. Bg3 Nxg3
15. hxg3 Rae8 16. Nh4 Qb6 17. Rab1 Nf6 18. Bd1 g5 19. Nhf3 Ng4 20. d4 f5 21.
exd5 Bxd5 22. Nc4 Bxc4 23. Qxc4+ Kg7 24. Nxe5 Rxe5 25. Rxe5 Bxe5 26. Bxg4 fxg4
27. dxe5 Rxf2 28. Kh2 Qe3 29. Qxg4 Qxe5 30. Rd1 Rf7 31. Rd8 Qf5 32. Qd4+ Qf6
33. Qd3 h5 34. Rd6 Qf5 35. Qd4+ Kh7 36. Rd8 Rg7 37. Re8 c5 38. Qd8 Qd7 39. Rh8+
Kg6 40. Qxa5 Qd6 41. Rd8 Qc7 42. Qxc7 Rxc7 43. Rd5 Rc6 44. a5 c4 45. Rb5 Rc7
46. Kh3 Re7 47. Rb4 Re5 48. Rxc4 g4+ 49. Kh2 Rxa5 50. Rb4 b5 51. Kg1 Kf6 52.
Kf2 Ke6 53. Ke3 Kd5 54. Kf4 Ra4 55. c4+ Kd4 56. Rxb5 Rxc4 57. b3 Rc3 58. Rxh5
Rxb3 59. Kxg4 Ke4 60. Rf5 Rb8 61. Rg5 Rh8 62. Rg7 Ke5 63. Re7+ Kf6 64. Ra7 Rh2
65. Kf3 Rh1 66. g4 Kg6 67. Ra6+ Kg5 68. Ra5+ Kg6 69. Kg3 Rb1 70. Ra8 Rf1 71.
Rg8+ Kf7 72. Rg5 Ra1 73. Kh2 Kf6 74. Rg8 Kf7 75. Rb8 Kg6 76. g3 Rc1 77. Kg2 Ra1
78. Rb5 Rc1 79. Rf5 Ra1 80. Rd5 Rb1 81. g5 Rb3 82. Kh3 Rb4 83. Ra5 Rc4 84. Re5
Ra4 85. Kg2 Ra3 86. Kh3 Ra4 87. g4 Ra8 88. Kh4 Rh8+ 89. Kg3 Ra8 90. Kf4 Ra4+
91. Kg3 Ra8 92. Rb5 Rc8 93. Rf5 Ra8 94. Re5 Rb8 95. Kf3 Rb3+ 96. Kf4 Rb4+ 97.
Kg3 Rb8 98. Rf5 Ra8 99. Kf4 Ra4+ 100. Kg3 1/2-1/2

[Event "Titled Tuesday 2022.10.04 Late"]
[Site "chess.com INT"]
[Date "2022.10.04"]
[Round "1"]
[White "Krasnov, A."]
[Black "Atanasov, Anthony"]
[Result "0-1"]
[WhiteElo "2287"]
[BlackElo "2148"]
[PlyCount "48"]
[EventDate "2022.10.04"]
[EventType "swiss (blitz)"]
[EventRounds "11"]
[EventCountry "NET"]
[Source "Mark Crowther"]
[SourceDate "2022.10.10"]

1. e4 e5 2. Nf3 Nf6 3. Nxe5 d6 4. Nf3 Nxe4 5. d3 Nf6 6. d4 g6 7. Bd3 Bg7 8. h3
O-O 9. O-O c5 10. Nc3 Nc6 11. Be3 Re8 12. dxc5 d5 13. Bb5 Ne4 14. Nxd5 Be6 15.
c4 Bxb2 16. Rb1 Nc3 17. Qd2 Nxb1 18. Qxb2 a6 19. Bxc6 bxc6 20. Nf6+ Kf8 21.
Nxe8 Qxe8 22. Qh8+ Ke7 23. Bg5+ Kd7 24. Rd1+ Kc7 0-1

[Event "Titled Tuesday 2022.10.04 Late"]
[Site "chess.com INT"]
[Date "2022.10.04"]
[Round "2"]
[White "Atanasov, Anthony"]
[Black "Rego, P."]
[Result "1-0"]
[WhiteElo "2148"]
[BlackElo "2300"]
[PlyCount "43"]
[EventDate "2022.10.04"]
[EventType "swiss (blitz)"]
[EventRounds "11"]
[EventCountry "NET"]
[Source "Mark Crowther"]
[SourceDate "2022.10.10"]

1. d4 Nf6 2. Nf3 d5 3. Bf4 c5 4. e3 Nc6 5. Nbd2 Qb6 6. dxc5 Qxb2 7. Rb1 Qc3 8.
Bb5 g6 9. Nd4 Bd7 10. O-O Bg7 11. N2b3 Nxd4 12. Nxd4 Qxc5 13. Bxd7+ Nxd7 14.
Rxb7 e5 15. Nb5 exf4 16. Nc7+ Ke7 17. Nxd5+ Kf8 18. Rxd7 h5 19. Nxf4 Kg8 20.
Qf3 Kh7 21. Rxf7 Rhf8 22. Rxg7+ 1-0

[Event "Titled Tuesday 2022.10.04 Late"]
[Site "chess.com INT"]
[Date "2022.10.04"]
[Round "4"]
[White "Sanchez Alvares, Kelvin Antonio"]
[Black "Atanasov, Anthony"]
[Result "1-0"]
[WhiteElo "2243"]
[BlackElo "2148"]
[PlyCount "131"]
[EventDate "2022.10.04"]
[EventType "swiss (blitz)"]
[EventRounds "11"]
[EventCountry "NET"]
[Source "Mark Crowther"]
[SourceDate "2022.10.10"]

1. e4 e5 2. Nf3 Nf6 3. Nxe5 d6 4. Nf3 Nxe4 5. Qe2 Qe7 6. d3 Nf6 7. Bg5 Nbd7 8.
Nc3 c6 9. O-O-O h6 10. Bh4 Qxe2 11. Bxe2 Be7 12. Rhe1 O-O 13. Ne4 d5 14. Nxf6+
Bxf6 15. d4 Bxh4 16. Nxh4 Nf6 17. Bd3 Bg4 18. f3 Bd7 19. Nf5 Bxf5 20. Bxf5 Rae8
21. Kd2 g6 22. Bd3 Nh5 23. g3 f5 24. b4 a6 25. a4 Nf6 26. Re5 Nd7 27. Rxe8 Rxe8
28. b5 a5 29. bxc6 bxc6 30. Rb1 Rb8 31. Rxb8+ Nxb8 32. g4 fxg4 33. fxg4 Kf7 34.
h4 g5 35. hxg5 hxg5 36. Bf5 Ke7 37. c4 Kd6 38. c5+ Kc7 39. Kc3 Na6 40. Bd3 Nb8
41. Bf5 Kb7 42. Kb3 Na6 43. Bd3 Nc7 44. Bf5 Ne8 45. Kc3 Kc7 46. Kd3 Kd8 47. Ke3
Ke7 48. Kd3 Ng7 49. Bc8 Kd8 50. Ba6 Ne8 51. Ke3 Nf6 52. Be2 Ne4 53. Kd3 Ke7 54.
Bf3 Nf2+ 55. Ke3 Nh3 56. Be2 Nf4 57. Ba6 Ng2+ 58. Kf2 Nh4 59. Bd3 Kd7 60. Kg3
Ke8 61. Bc2 Kf8 62. Bh7 Kg7 63. Bd3 Kh8 64. Ba6 Ng6 65. Bb7 Ne7 66. Ba6 1-0

[Event "Titled Tuesday 2022.09.27 Late"]
[Site "chess.com INT"]
[Date "2022.09.27"]
[Round "1"]
[White "Atanasov, Anthony"]
[Black "Hansen, TR."]
[Result "1-0"]
[WhiteElo "2148"]
[BlackElo "2432"]
[PlyCount "81"]
[EventDate "2022.09.27"]
[EventType "swiss (blitz)"]
[EventRounds "11"]
[EventCountry "NET"]
[Source "Mark Crowther"]
[SourceDate "2022.10.03"]

1. d4 f5 2. c4 Nf6 3. Nc3 g6 4. h4 h6 5. Nf3 d6 6. Bf4 Be6 7. d5 Bf7 8. Nd4 Qd7
9. Qb3 c5 10. Ne6 Bxe6 11. dxe6 Qc8 12. Nd5 Bg7 13. Qg3 g5 14. hxg5 Ne4 15. Qh3
Rf8 16. gxh6 Bh8 17. f3 Nf6 18. Qxf5 Nc6 19. Qg6+ Kd8 20. e4 Nd4 21. Bxd6 Qxe6
22. Bxe7+ Kd7 23. Bxf8 Nc2+ 24. Kf2 Rxf8 25. Rd1 Nxe4+ 26. Qxe4 Qxe4 27. Nf6+
Ke6 28. Nxe4 Bd4+ 29. Kg3 Rg8+ 30. Kh3 Ne3 31. Rd3 Rg6 32. Rxe3 Bxe3 33. g3
Bxh6 34. Kg2 Bc1 35. Bd3 Bxb2 36. Nxc5+ Kd6 37. Bxg6 Kxc5 38. Rb1 Bd4 39. Rxb7
a5 40. Rb5+ Kxc4 41. Rxa5 1-0

[Event "Titled Tuesday 2022.09.27 Late"]
[Site "chess.com INT"]
[Date "2022.09.27"]
[Round "4"]
[White "Atanasov, Anthony"]
[Black "Diaz Rosas, J."]
[Result "1-0"]
[WhiteElo "2148"]
[BlackElo "2316"]
[PlyCount "77"]
[EventDate "2022.09.27"]
[EventType "swiss (blitz)"]
[EventRounds "11"]
[EventCountry "NET"]
[Source "Mark Crowther"]
[SourceDate "2022.10.03"]

1. d4 d5 2. Bf4 c5 3. Nf3 Nc6 4. e3 Nf6 5. Nbd2 e6 6. c3 Bd6 7. Bg3 Qc7 8. dxc5
Bxg3 9. hxg3 e5 10. Qa4 Bd7 11. Bb5 e4 12. Nd4 O-O 13. b4 Ne5 14. O-O Bxb5 15.
Nxb5 Qd7 16. Qa5 Qf5 17. Nd6 Qh5 18. Rfd1 Nfg4 19. Nf1 Nd3 20. Rd2 b6 21. cxb6
axb6 22. Qxb6 Qh6 23. Qc7 Ndxf2 24. Rxf2 Nxf2 25. Kxf2 Qf6+ 26. Kg1 Rad8 27.
Nb5 Rb8 28. Nd4 Rbc8 29. Qf4 Qa6 30. b5 Qa3 31. Rb1 Qxa2 32. Rb3 Rc4 33. Rb4
Rxc3 34. b6 Rcc8 35. b7 Rb8 36. Nc6 Qa3 37. Nxb8 Qxb4 38. Qc7 d4 39. Nc6 1-0

[Event "Titled Tuesday 2022.09.20 Late"]
[Site "chess.com INT"]
[Date "2022.09.20"]
[Round "1"]
[White "Fieberg, Samuel"]
[Black "Atanasov, Anthony"]
[Result "1-0"]
[WhiteElo "2187"]
[BlackElo "2148"]
[PlyCount "75"]
[EventDate "2022.09.20"]
[EventType "swiss (blitz)"]
[EventRounds "11"]
[EventCountry "NET"]
[Source "Mark Crowther"]
[SourceDate "2022.09.26"]

1. e4 e5 2. Nf3 Nf6 3. Nxe5 d6 4. Nf3 Nxe4 5. d3 Nf6 6. d4 g6 7. Bd3 Bg7 8.
Qe2+ Qe7 9. Qxe7+ Kxe7 10. O-O h6 11. Re1+ Be6 12. c4 c6 13. Nc3 Kd8 14. h3 Na6
15. b3 Re8 16. Bb2 Kd7 17. Rad1 Nc7 18. Bb1 Re7 19. c5 Nfd5 20. cxd6 Nxc3 21.
Bxc3 Ree8 22. dxc7 Kxc7 23. Bd3 Bd5 24. Bc4 Bxf3 25. gxf3 f5 26. Bf7 Rxe1+ 27.
Rxe1 Bf6 28. Re6 Kd7 29. Rxf6 Ke7 30. d5 cxd5 31. Bxd5 Rc8 32. Re6+ Kd7 33. Re3
f4 34. Rd3 Ke7 35. Bxb7 Rc7 36. Be4 g5 37. Bb4+ Kf6 38. Rd6+ 1-0

[Event "Titled Tuesday 2022.09.20 Late"]
[Site "chess.com INT"]
[Date "2022.09.20"]
[Round "2"]
[White "Atanasov, Anthony"]
[Black "Ansh, M Shah"]
[Result "1-0"]
[WhiteElo "2148"]
[BlackElo "2163"]
[PlyCount "33"]
[EventDate "2022.09.20"]
[EventType "swiss (blitz)"]
[EventRounds "11"]
[EventCountry "NET"]
[Source "Mark Crowther"]
[SourceDate "2022.09.26"]

1. Nf3 Nf6 2. d4 e6 3. Bf4 d5 4. e3 Be7 5. Nbd2 O-O 6. Bd3 b6 7. Qe2 Bb7 8.
O-O-O Nbd7 9. h4 c5 10. c3 Ne4 11. Ng5 Ndf6 12. f3 Nxd2 13. Rxd2 h6 14. g4 Nd7
15. Bh7+ Kh8 16. Qd3 Qe8 17. Be5 1-0

[Event "Titled Tuesday 2022.09.13 Late"]
[Site "chess.com INT"]
[Date "2022.09.13"]
[Round "1"]
[White "Atanasov, Anthony"]
[Black "Rios Escobar, A."]
[Result "1-0"]
[WhiteElo "2148"]
[BlackElo "2276"]
[PlyCount "71"]
[EventDate "2022.09.13"]
[EventType "swiss (blitz)"]
[EventRounds "11"]
[EventCountry "NET"]
[Source "Mark Crowther"]
[SourceDate "2022.09.19"]

1. d4 Nf6 2. Nf3 g6 3. Bf4 Bg7 4. e3 O-O 5. Be2 d6 6. O-O b6 7. c4 Bb7 8. Nc3
Nh5 9. Bg5 h6 10. Bh4 g5 11. Ne1 Nf6 12. Bf3 Qc8 13. Bg3 Nbd7 14. Nd3 Re8 15.
Rc1 e5 16. Bxb7 Qxb7 17. b4 Ne4 18. Nxe4 Qxe4 19. f3 Qg6 20. d5 f5 21. c5 e4
22. fxe4 fxe4 23. Qa4 Rad8 24. cxd6 cxd6 25. Rc7 exd3 26. Rxd7 Rxd7 27. Qxd7
Rxe3 28. Bxd6 d2 29. Bg3 Qd3 30. Rd1 Qe2 31. Qc8+ Bf8 32. Qc2 Bxb4 33. Qg6+ Kf8
34. Qxh6+ Ke7 35. d6+ Kd7 36. Qh7+ 1-0

[Event "Titled Tuesday 2022.09.13 Late"]
[Site "chess.com INT"]
[Date "2022.09.13"]
[Round "2"]
[White "Todorovic, Boj"]
[Black "Atanasov, Anthony"]
[Result "1-0"]
[WhiteElo "2176"]
[BlackElo "2148"]
[PlyCount "109"]
[EventDate "2022.09.13"]
[EventType "swiss (blitz)"]
[EventRounds "11"]
[EventCountry "NET"]
[Source "Mark Crowther"]
[SourceDate "2022.09.19"]

1. Nf3 d5 2. g3 Bf5 3. Bg2 e6 4. O-O Nf6 5. d3 Be7 6. Nbd2 O-O 7. Qe1 Nc6 8. c3
e5 9. e4 dxe4 10. dxe4 Be6 11. Qe2 h6 12. Nc4 Nd7 13. Rd1 Qe8 14. Ne3 f6 15.
Nd5 Bd6 16. Nh4 Nb6 17. Nf5 Nxd5 18. Nxd6 cxd6 19. exd5 Bd7 20. dxc6 Bxc6 21.
Rxd6 Bxg2 22. Kxg2 Rd8 23. Rxd8 Qxd8 24. Be3 Qd5+ 25. Qf3 e4 26. Qe2 a6 27. c4
Qa5 28. Qd2 Qxd2 29. Bxd2 Rd8 30. Be3 Kf7 31. b4 Rd3 32. a4 Ke6 33. b5 Rc3 34.
c5 axb5 35. axb5 Rb3 36. b6 g5 37. g4 Kd7 38. Rd1+ Ke7 39. Ra1 Kd7 40. Ra8 Kc6
41. Rf8 Kd5 42. Rxf6 Ke5 43. Rxh6 Kd5 44. Rg6 Kc4 45. Rxg5 Kd3 46. h4 Kc2 47.
h5 Kb2 48. h6 Ka2 49. h7 Rb2 50. h8=Q Rb3 51. Rh5 Ka3 52. Qd4 Ka2 53. Rh1 Rb2
54. Ra1+ Kxa1 55. Bc1 1-0

[Event "Titled Tuesday 2022.09.13 Late"]
[Site "chess.com INT"]
[Date "2022.09.13"]
[Round "3"]
[White "Atanasov, Anthony"]
[Black "Matt, F."]
[Result "1-0"]
[WhiteElo "2148"]
[BlackElo "2265"]
[PlyCount "59"]
[EventDate "2022.09.13"]
[EventType "swiss (blitz)"]
[EventRounds "11"]
[EventCountry "NET"]
[Source "Mark Crowther"]
[SourceDate "2022.09.19"]

1. Nf3 Nf6 2. d4 d5 3. Bf4 e6 4. e3 c5 5. Nbd2 Nc6 6. c3 cxd4 7. exd4 Nh5 8.
Be3 Bd6 9. Ne5 g6 10. g4 Nf6 11. f4 Bd7 12. Bd3 Qc7 13. Qf3 O-O-O 14. Nxf7 h5
15. g5 Ng4 16. Nxh8 Rxh8 17. O-O Rf8 18. Bxg6 Nxe3 19. Qxe3 Bxf4 20. Qe2 e5 21.
dxe5 Bg4 22. Qg2 Nxe5 23. h3 Nxg6 24. hxg4 h4 25. Kh1 h3 26. Qxd5 Kb8 27. Ne4
Qh7 28. Rxf4 Re8 29. Nf6 Qc7 30. Nxe8 1-0

[Event "Titled Tuesday 2022.09.06 Late"]
[Site "chess.com INT"]
[Date "2022.09.06"]
[Round "1"]
[White "Atanasov, Anthony"]
[Black "Silva Lucena, Cristian"]
[Result "1-0"]
[WhiteElo "2148"]
[BlackElo "2290"]
[PlyCount "67"]
[EventDate "2022.09.06"]
[EventType "swiss (blitz)"]
[EventRounds "11"]
[EventCountry "NET"]
[Source "Mark Crowther"]
[SourceDate "2022.09.12"]

1. e4 e5 2. Nf3 Nc6 3. Nc3 Nf6 4. a3 d5 5. exd5 Nxd5 6. Nxe5 Nxe5 7. Qe2 Qd6 8.
d4 f6 9. dxe5 fxe5 10. Ne4 Qg6 11. c4 Nf6 12. Nxf6+ gxf6 13. g3 Bg4 14. f3 Bd7
15. Bg2 Bc6 16. O-O Bc5+ 17. Be3 Bxe3+ 18. Qxe3 h6 19. f4 Bxg2 20. Kxg2 Qc2+
21. Rf2 Qxc4 22. fxe5 Qd5+ 23. Kg1 fxe5 24. Rd2 Qe6 25. Re1 Qb6 26. Qxb6 axb6
27. Rxe5+ Kf7 28. Rf2+ Kg6 29. Re6+ Kg5 30. h4+ Kg4 31. Kg2 Rh7 32. Rf4+ Kh5
33. Kh3 Rg8 34. Rf5+ 1-0

[Event "Titled Tuesday 2022.09.06 Late"]
[Site "chess.com INT"]
[Date "2022.09.06"]
[Round "2"]
[White "Curtis, J AUS."]
[Black "Atanasov, Anthony"]
[Result "0-1"]
[WhiteElo "2292"]
[BlackElo "2148"]
[PlyCount "82"]
[EventDate "2022.09.06"]
[EventType "swiss (blitz)"]
[EventRounds "11"]
[EventCountry "NET"]
[Source "Mark Crowther"]
[SourceDate "2022.09.12"]

1. e4 e5 2. Nf3 Nf6 3. Nxe5 d6 4. Nf3 Nxe4 5. Qe2 Qe7 6. d3 Nf6 7. Nbd2 Nc6 8.
Qxe7+ Bxe7 9. a3 Bf5 10. Be2 O-O-O 11. O-O Rhe8 12. Re1 d5 13. b4 Nd7 14. b5
Bf6 15. bxc6 Bxa1 16. cxd7+ Rxd7 17. Kf1 Rde7 18. Nb3 Bc3 19. Bd2 Bxd2 20.
Nbxd2 c5 21. h3 Bd7 22. Ng1 Ba4 23. Rc1 Kc7 24. Bf3 Bxc2 25. g4 Bxd3+ 26. Kg2
Kd6 27. h4 b5 28. Nh3 Be2 29. Nf4 Bxf3+ 30. Kxf3 a5 31. Nf1 b4 32. axb4 axb4
33. Rd1 d4 34. Ne3 Rxe3+ 35. fxe3 Rxe3+ 36. Kf2 b3 37. Ra1 Ke5 38. Ne2 c4 39.
Ra5+ Ke4 40. Ra7 b2 41. Rb7 Rb3 0-1

[Event "Titled Tuesday 2022.09.06 Late"]
[Site "chess.com INT"]
[Date "2022.09.06"]
[Round "3"]
[White "Vakhlamov, I."]
[Black "Atanasov, Anthony"]
[Result "1-0"]
[WhiteElo "2413"]
[BlackElo "2148"]
[PlyCount "79"]
[EventDate "2022.09.06"]
[EventType "swiss (blitz)"]
[EventRounds "11"]
[EventCountry "NET"]
[Source "Mark Crowther"]
[SourceDate "2022.09.12"]

1. e4 e5 2. Nf3 Nf6 3. Nc3 Nc6 4. Bb5 Nd4 5. Nxd4 exd4 6. e5 dxc3 7. exf6 Qxf6
8. dxc3 Bc5 9. O-O O-O 10. a4 c6 11. Bd3 d5 12. Qh5 h6 13. a5 Bd7 14. Ra4 Rae8
15. Bd2 Re5 16. Qh4 Qxh4 17. Rxh4 Bf5 18. Bf4 Bxd3 19. Bxe5 Bxf1 20. Kxf1 Re8
21. Bd4 Be7 22. Rh3 c5 23. Be3 f5 24. Rf3 Rf8 25. Bf4 g5 26. Be5 f4 27. Rd3 Kf7
28. Rxd5 Ke6 29. c4 Rf5 30. Bb8 Rxd5 31. cxd5+ Kxd5 32. Bxa7 Bd8 33. Bb6 Bxb6
34. axb6 g4 35. Ke2 Kd4 36. f3 h5 37. fxg4 hxg4 38. h4 gxh3 39. gxh3 Ke4 40.
Kf2 1-0

[Event "Titled Tuesday 2022.09.06 Late"]
[Site "chess.com INT"]
[Date "2022.09.06"]
[Round "4"]
[White "Atanasov, Anthony"]
[Black "Miszler, Levente"]
[Result "1/2-1/2"]
[WhiteElo "2148"]
[BlackElo "2280"]
[PlyCount "147"]
[EventDate "2022.09.06"]
[EventType "swiss (blitz)"]
[EventRounds "11"]
[EventCountry "NET"]
[Source "Mark Crowther"]
[SourceDate "2022.09.12"]

1. d4 e6 2. Bf4 f5 3. c4 Nf6 4. Nc3 b6 5. a3 Bb7 6. e3 Be7 7. h4 O-O 8. h5 Ne4
9. Qc2 Bg5 10. Bxg5 Qxg5 11. Nf3 Qf6 12. Nxe4 Bxe4 13. Bd3 Bxd3 14. Qxd3 d6 15.
e4 fxe4 16. Qxe4 Nd7 17. Qc6 Rad8 18. Qxc7 e5 19. dxe5 Nxe5 20. O-O-O Nxf3 21.
gxf3 Qxf3 22. Rhg1 Qf6 23. Qxa7 Rc8 24. Rxd6 Rxc4+ 25. Kb1 Qf5+ 26. Ka1 Rg4 27.
Rxg4 Qxg4 28. h6 gxh6 29. Qxb6 Qc4 30. Rd1 Qg4 31. Rh1 h5 32. f3 Qxf3 33. Rg1+
Kh8 34. Qc7 Qf6 35. Qg3 h4 36. Qh2 Qf4 37. Rh1 Qxh2 38. Rxh2 Rf4 39. b4 Kg7 40.
Kb2 Kg6 41. Kb3 Kg5 42. b5 Kg4 43. b6 Kg3 44. Rb2 Rf7 45. Ka4 h3 46. Kb5 h2 47.
Rb1 Kg2 48. a4 h1=Q 49. Rxh1 Kxh1 50. a5 h5 51. a6 h4 52. b7 Rf8 53. Kb6 h3 54.
a7 h2 55. a8=Q Rxa8 56. bxa8=Q+ Kg1 57. Qa1+ Kg2 58. Qg7+ Kh1 59. Qh6 Kg1 60.
Qe3+ Kh1 61. Qe2 Kg1 62. Kc6 h1=Q+ 63. Kd6 Qg2 64. Qe1+ Qf1 65. Qg3+ Qg2 66.
Qe3+ Qf2 67. Qc1+ Qf1 68. Qc5+ Qf2 69. Qc4 Qg3+ 70. Kd7 Qf2 71. Ke8 Qe1+ 72.
Kf8 Qf1+ 73. Qf7 Qxf7+ 74. Kxf7 1/2-1/2

[Event "Titled Tuesday 2022.09.06 Late"]
[Site "chess.com INT"]
[Date "2022.09.06"]
[Round "5"]
[White "Forgacs, Attila jr"]
[Black "Atanasov, Anthony"]
[Result "1-0"]
[WhiteElo "2268"]
[BlackElo "2148"]
[PlyCount "29"]
[EventDate "2022.09.06"]
[EventType "swiss (blitz)"]
[EventRounds "11"]
[EventCountry "NET"]
[Source "Mark Crowther"]
[SourceDate "2022.09.12"]

1. e4 e5 2. Nf3 Nf6 3. Nxe5 d6 4. Nf3 Nxe4 5. Bd3 d5 6. c3 Be7 7. Bc2 O-O 8.
O-O c5 9. d4 Nc6 10. Re1 cxd4 11. Nxd4 Nxd4 12. Qxd4 Bc5 13. Qd1 Nxf2 14. Qh5
Bg4 15. Qxh7# 1-0

[Event "Titled Tuesday 2022.08.30 Early"]
[Site "chess.com INT"]
[Date "2022.08.30"]
[Round "1"]
[White "Atanasov, Anthony"]
[Black "Zenin, D."]
[Result "1/2-1/2"]
[WhiteElo "2150"]
[BlackElo "2163"]
[PlyCount "124"]
[EventDate "2022.08.30"]
[EventType "swiss (blitz)"]
[EventRounds "11"]
[EventCountry "NET"]
[Source "Mark Crowther"]
[SourceDate "2022.09.05"]

1. d4 Nf6 2. Nf3 g6 3. c4 Bg7 4. Nc3 O-O 5. Bg5 h6 6. Bf4 c5 7. d5 d6 8. e4 b5
9. cxb5 a6 10. bxa6 Qa5 11. Nd2 Bxa6 12. Bxa6 Qxa6 13. Qe2 Nbd7 14. Qxa6 Rxa6
15. Nc4 Nb6 16. Nxb6 Rxb6 17. Rb1 Rfb8 18. b3 c4 19. Be3 R6b7 20. f3 cxb3 21.
axb3 Rxb3 22. Kd2 Nxe4+ 23. fxe4 Bxc3+ 24. Kc2 Rxb1 25. Rxb1 Rc8 26. Kd3 Bg7
27. Rb7 Kf8 28. g4 h5 29. h3 hxg4 30. hxg4 Bf6 31. Bh6+ Ke8 32. Be3 Kf8 33.
Bh6+ Ke8 34. Bd2 Ra8 35. Ke2 Ra3 36. Be3 Ra2+ 37. Kf3 Ra3 38. Ke2 Ra2+ 39. Kf3
Ra1 40. Rb8+ Kd7 41. Rf8 Rf1+ 42. Kg2 Re1 43. Kf2 Rh1 44. Rxf7 Ke8 45. Rxf6
exf6 46. Bf4 Ke7 47. Kf3 Rf1+ 48. Ke3 g5 49. Bg3 Ra1 50. Bf2 Ra3+ 51. Ke2 Kd7
52. Bd4 Ke7 53. Be3 Rb3 54. Kf3 Rb2 55. Bd4 Rc2 56. Be3 Rc3 57. Ke2 Kf7 58. Kf3
Ra3 59. Ke2 Ra4 60. Kf3 Ra3 61. Ke2 Ra2+ 62. Kf3 Ra3 1/2-1/2

[Event "Titled Tuesday 2022.08.30 Early"]
[Site "chess.com INT"]
[Date "2022.08.30"]
[Round "2"]
[White "Yurasova, Daria"]
[Black "Atanasov, Anthony"]
[Result "1-0"]
[WhiteElo "2066"]
[BlackElo "2150"]
[PlyCount "111"]
[EventDate "2022.08.30"]
[EventType "swiss (blitz)"]
[EventRounds "11"]
[EventCountry "NET"]
[Source "Mark Crowther"]
[SourceDate "2022.09.05"]

1. b3 d5 2. Bb2 Bf5 3. Nf3 e6 4. e3 Nf6 5. Be2 Nbd7 6. O-O Bd6 7. d3 c6 8. Nbd2
Qe7 9. c4 O-O 10. Qc2 h6 11. Rfe1 a5 12. a3 Bg6 13. h3 Rfe8 14. Bf1 Qd8 15.
Rac1 Qe7 16. Ra1 Qd8 17. Rac1 Rc8 18. Qb1 Qb6 19. Qa1 Be7 20. Ne5 Nxe5 21. Bxe5
Red8 22. Bd4 Qc7 23. Nf3 Qb8 24. Ne5 Bh7 25. Bb6 Bd6 26. Nf3 Re8 27. Bxa5 e5
28. Bc3 Nd7 29. b4 b5 30. c5 Bc7 31. a4 bxa4 32. Qxa4 Qb7 33. Ra1 Ra8 34. Qc2
Rxa1 35. Rxa1 Ra8 36. Qb2 f6 37. Rxa8+ Qxa8 38. d4 Be4 39. Nd2 Bf5 40. b5 Qb7
41. b6 Bb8 42. Nb3 e4 43. Na5 Qc8 44. Qa2 Nf8 45. Qa4 Bd7 46. Nb3 Ne6 47. Qa6
Ng5 48. Qxc8+ Bxc8 49. Na5 Bd7 50. Ba6 Ne6 51. Nb3 Kf7 52. Ba5 Ke7 53. b7 f5
54. Bb6 Nc7 55. Be2 g5 56. Na5 1-0